000 00785nam a2200253 i 4500
001 8277
003 ES-MaACL
005 20250821063013.0
007 t|
008 920428s1989 sp ||||1| spa d
020 _a84-204-2548-6
080 _a84-311.6"19"
080 _a84(Tournier,M.7 G.01=6)
100 1 _aTournier, Michel,
_d1924-2016
_9111147
245 1 0 _aGilles y Juana /
_cMichel Tournier ; traducción de Jacqueline y Rafael Conte.
260 _aMadrid :
_bAlfaguara,
_cD.L. 1989.
300 _a142 p. ;
_c20 cm.
490 1 _aAlfaguara literaturas ;
_v271
700 0 _aConte, Jacqueline.
_940266
700 1 _aConte, Rafael.
_940270
830 0 _aAlfaguara literaturas ;
_v271
_9177847
852 _aES-MaACL
_jL-15632
_bR.120323
999 _c8277
_d8277